| 000 | 00764nam a2200253Ia 4500 | ||
|---|---|---|---|
| 003 | OSt | ||
| 005 | 20220927103632.0 | ||
| 006 | a|||||r|||| 00| 0 | ||
| 007 | ta | ||
| 008 | 220926b |||||||| |||| 00| 0 eng d | ||
| 024 | _a82108 | ||
| 037 | _cReference Collections | ||
| 040 |
_aRTL _cRTL _beng |
||
| 041 |
_2eng _aeng |
||
| 082 | _a"Y:45:5p791,N53, J3/UN" | ||
| 111 |
_aLATIN AMERICAN SEMINAR ON THE PREVENTION OF CRIME AND THE TREATMENT OF OFFENDERS Rio De Janeiro1953 _9360825 |
||
| 245 | 0 | _aReport | |
| 260 |
_aNew _bYork UN _c1953 |
||
| 300 |
_a89p. _ccm. |
||
| 490 | _a"United Nations, Publication" | ||
| 650 |
_aSocial Crime _9360826 |
||
| 942 |
_h"Y:45:5p791,N53, J3/UN" _cCC |
||
| 999 |
_c684458 _d684458 |
||